Elsevier's integrated genetics
The book explains the morphologic variation observed in embryologic development and anatomic presentation. It provides susceptibility to infection and diseases. It offers insight into neurologic nad behaviorial abnormalities. It provides possibilities of gene therapy and pharmacogenomics.
Uloženo v:
| Hlavní autor: | |
|---|---|
| Médium: | Kniha |
| Jazyk: | Undetermined |
| Vydáno: |
Philadelphia, PA.
Mosby/Elsevier
2007
|
| Témata: | |
| Tagy: |
Přidat tag
Žádné tagy, Buďte první, kdo otaguje tento záznam!
|
| Thư viện lưu trữ: | Trung tâm Học liệu Trường Đại học Cần Thơ |
|---|
| LEADER | 00854nam a2200205Ia 4500 | ||
|---|---|---|---|
| 001 | CTU_128197 | ||
| 008 | 210402s9999 xx 000 0 und d | ||
| 020 | |c 371000 | ||
| 082 | |a 616.042 | ||
| 082 | |b A236 | ||
| 100 | |a Adkison, Linda R. | ||
| 245 | 0 | |a Elsevier's integrated genetics | |
| 245 | 0 | |c Linda R. Adkison and Michael D. Brown | |
| 260 | |a Philadelphia, PA. | ||
| 260 | |b Mosby/Elsevier | ||
| 260 | |c 2007 | ||
| 520 | |a The book explains the morphologic variation observed in embryologic development and anatomic presentation. It provides susceptibility to infection and diseases. It offers insight into neurologic nad behaviorial abnormalities. It provides possibilities of gene therapy and pharmacogenomics. | ||
| 650 | |a Medical genetics.,Genetics, Medical. | ||
| 904 | |i Minh | ||
| 980 | |a Trung tâm Học liệu Trường Đại học Cần Thơ | ||